Challenges to development plans - new plans, new problems; The Planning and Compensation Bill (Record no. 73677)

MARC details
000 -LEADER
fixed length control field 01747cam a2200349 4500
001 - CONTROL NUMBER
control field ABS67182
008 - FIXED-LENGTH DATA ELEMENTS--GENERAL INFORMATION
fixed length control field 031029n2003 000 0 eng u
035 ## - SYSTEM CONTROL NUMBER
System control number (Sirsi) u124126
100 ## - MAIN ENTRY--PERSONAL NAME
Personal name Robinson, A.
245 ## - TITLE STATEMENT
Title Challenges to development plans - new plans, new problems; The Planning and Compensation Bill
260 ## - PUBLICATION, DISTRIBUTION, ETC.
Date of publication, distribution, etc. 2003
490 ## - SERIES STATEMENT
Series statement Journal of Planning and Environment Law
Volume/sequential designation November 2003, 1384-1393(10)
520 ## - SUMMARY, ETC.
Summary, etc. Considers how development plans can be challenged under the Town and Country Planning Act 1990. Examines proposals for revising the procedure for challenging plans outlined in the Planning and Compensation Purchase Bill. These include the amendment of s284 and s187 of the 1990 Act and provision of a new section dealing exclusively with challenges to the various new forms of plans .outlined in cl78 of the Bill. Refers extensively to case law throughout.
590 ## - LOCAL NOTE (RLIN)
Local note ABS
650 ## - SUBJECT ADDED ENTRY--TOPICAL TERM
Topical term or geographic name entry element PLANNING AND COMPENSATION BILL
650 ## - SUBJECT ADDED ENTRY--TOPICAL TERM
Topical term or geographic name entry element LOCAL DEVELOPMENT PLANS
650 ## - SUBJECT ADDED ENTRY--TOPICAL TERM
Topical term or geographic name entry element TOWN AND COUNTRY PLANNING ACT 1990 S284
650 ## - SUBJECT ADDED ENTRY--TOPICAL TERM
Topical term or geographic name entry element TOWN AND COUNTRY PLANNING ACT 1990 S287
650 ## - SUBJECT ADDED ENTRY--TOPICAL TERM
Topical term or geographic name entry element R V TEST VALLEY BC EX P PEEL ESTATES
650 ## - SUBJECT ADDED ENTRY--TOPICAL TERM
Topical term or geographic name entry element R V CORNWALL CC EX P HUNTINGTON
650 ## - SUBJECT ADDED ENTRY--TOPICAL TERM
Topical term or geographic name entry element R V WILTSHIRE CC EX P NETTLECOMBE LTD
650 ## - SUBJECT ADDED ENTRY--TOPICAL TERM
Topical term or geographic name entry element R V HINKLEY AND BOSWORTH BC EX P FITCHETT AND ANOTHER
650 ## - SUBJECT ADDED ENTRY--TOPICAL TERM
Topical term or geographic name entry element SOUTH NORTHAMPTONSHIRE DC V CHARLES CHURCH DEVELOPMENTS LTD
650 ## - SUBJECT ADDED ENTRY--TOPICAL TERM
Topical term or geographic name entry element FIRST CORPORATE SHIPPING LTD V NORTH SOMERSET DC
650 ## - SUBJECT ADDED ENTRY--TOPICAL TERM
Topical term or geographic name entry element WARREN V UTTLESFORD
650 ## - SUBJECT ADDED ENTRY--TOPICAL TERM
Topical term or geographic name entry element MORRIS HOLMES LTD V SOUTH RIDDLE BC
650 ## - SUBJECT ADDED ENTRY--TOPICAL TERM
Topical term or geographic name entry element UNIVERSITY OF LEEDS V LEEDS CITY COUNCIL
650 ## - SUBJECT ADDED ENTRY--TOPICAL TERM
Topical term or geographic name entry element R V BASSETLAW DC EX P OXBY
690 ## - LOCAL SUBJECT ADDED ENTRY--TOPICAL TERM (OCLC, RLIN)
Topical term or geographic name as entry element Planning and development
9 (RLIN) 6259
700 ## - ADDED ENTRY--PERSONAL NAME
Personal name Clement, J.
942 ## - ADDED ENTRY ELEMENTS (KOHA)
Suppress in OPAC 0
Holdings
Withdrawn status Lost status Source of classification or shelving scheme Damaged status Not for loan Home library Current library Shelving location Date acquired Total Checkouts Full call number Barcode Date last seen Copy number Price effective from Koha item type
    Dewey Decimal Classification     London London Journal article 29/10/2003   ABS67182 124126-1001 06/08/2019 1 06/08/2019 Journal article